Normal view
MARC view
Entry Personal Name
001 - CONTROL NUMBER
- control field: 3673
003 - CONTROL NUMBER IDENTIFIER
- control field: OSt
005 - DATE AND TIME OF LATEST TRANSACTION
- control field: 20221011074537.0
008 - FIXED-LENGTH DATA ELEMENTS
- fixed length control field: 221011|| aca||aabn | a|a d
040 ## - CATALOGING SOURCE
- Original cataloging agency: OSt
- Transcribing agency: OSt
100 ## - HEADING--PERSONAL NAME
- Personal name: Ghaniová, Denisa
670 ## - SOURCE DATA FOUND
- Source citation: Work cat.: (OSt)0: Bowen, Rhys, 1941- aut 3672, Záhrada víťazov